| 000 | 00451nam a2200169 i 4500 | ||
|---|---|---|---|
| 001 | 55029 | ||
| 003 | ES-MaACL | ||
| 005 | 20240529062941.0 | ||
| 007 | t| | ||
| 008 | 030911s1971 sp ||||1| spa d | ||
| 100 | 0 |
_aDelgado, Agustín, _d1941- _943391 |
|
| 245 | 1 | 0 |
_aAurora boreal / _cAgustín Delgado. |
| 260 |
_aLeón : _b[s.n.], _c1971. |
||
| 300 |
_a95 p. ; _c20 cm. |
||
| 852 |
_aES-MaACL _jC-39199 _bR.77575 |
||
| 999 |
_c55029 _d55029 |
||